Quizzes
Events
Quiz Creation
Community
Videos
Private Events
Remove Ads
Sign In
Join for FREE
Feedback
Dark Mode
Quiz Categories
Sports
Geography
Music
Movies
Television
Just For Fun
Miscellaneous
History
Literature
Language
Science
Gaming
Entertainment
Religion
Holiday
For Kids
Quiz Lab
Recent
Popular Today
Quiz Kudos Today
Editor Picks
Curator Picks
Quizzes by...
Day
Popularity
Type
Ratings
Length
Year
Community
Subscriptions
Recent Discussions
Orange Saloon
Badges
Playlists
Quests
Create
Leaderboards
Showdown
Live 5
Trivia Bingo
Activity
Puzzle Library
Sporcle Events
Private Events
Virtual Trivia
Globe League
Become a Host
Pub Owners
SporcleCon
Opinionation
Our Games
Videos
Blog
Mobile Apps
Partnerships
Remove Ads and Go Orange
Feedback
Geography
Country
Landmarks
City
State
Population
World
Capital
Continent
Flags
Europe
Africa
Asia
South America
North America
Oceania
Border
Canada
United Kingdom
Topography
United States
Geography
Country
Landmarks
City
State
Population
World
Capital
Continent
Flags
Europe
Africa
Asia
South America
North America
Oceania
Border
Canada
United Kingdom
Topography
United States
Random Quiz
Search Sporcle
×
Quiz Lab
Quiz Lab
Geography
New York City
Type in answers that appear in a list
Type in answers that appear in a list
Classic
Best Score? Go Orange.
Busiest New York Subway stations Stats
Can you name the busiest stations on the New York City Subway?
By
SporcleEXP
8m
20 Questions
2,470 Plays
2,470 Plays
2,470 Plays
Comments
Comments
Give Quiz Kudos
Give Quiz Kudos
-
- Ratings
hide this ad
Replay
Link that replays current quiz
Next Quiz
Link to next quiz in quiz playlist
You Got
0%
They Got
Avg Score
60%
Avg Friend Score
Upgrade to see
Score Distribution
Jump to the score distribution portion of the page
Score
0/20
Timer
08:00
0
Plays Today
Services
Station
% Correct
1-
2-
3-
7-
A-
C-
E-
N-
Q-
R-
S
Times Square - 42nd Street
93.8%
4-
5-
6-
7-
S
Grand Central - 42nd Street
92.4%
1-
2-
3
34th Street - Penn Station
82.9%
A-
C-
E
34th Street - Penn Station
82.9%
4-
5-
6-
L-
N-
Q-
R
14th Street - Union Square
75.5%
1-
2-
A-
B-
C-
D
59th Street - Columbus Circle
68.9%
7-
B-
D-
F-
M
42nd Street / Fifth Avenue - Bryant Park
66.8%
B-
D-
F-
M-
N-
Q-
R
34th Street - Herald Square
65.2%
4-
5-
6-
N-
Q-
R
Lexington Avenue/59th Street
59.5%
1-
2-
3-
F-
L-
M
14th Street/6th Avenue
57.4%
Services
Station
% Correct
2-
3-
A-
C-
E
Chambers Street - World Trade Center/Park Place
53.6%
A-
C-
E-
L
14th Street/8th Avenue
53.5%
A-
B-
C-
D-
E-
F-
M
West 4th Street - Washington Square
49.5%
7-
E-
F-
M-
R
Jackson Heights - Roosevelt Avenue/74th Street - Broadway
48.9%
4-
6-
J-
N-
Q-
R-
Z
Canal Street
48.2%
4-
5-
6-
E-
M
Lexington Avenue/51st Street
46.6%
2-
3-
4-
5-
A-
C-
J-
Z
Fulton Street
46.5%
7
Flushing - Main Street
44.9%
B-
D-
F-
M
47th - 50th Streets - Rockefeller Center
43.9%
4-
5-
6
86th Street
38.7%
Quiz Playlist
Details
Report
Send in Message
Add To Playlist
Classic:
Type in answers that appear in a list
Quiz Source
Last Updated: Feb 16, 2017
Quiz Scoreboard
CHALLENGE
Sign Up to Join the Scoreboard
Show All
Scores
Hide
Comments
May contain spoilers
Recently Published
Presidents Visiting Landmarks
by Hejman
History
7m
An Introduction to Baseball
by treessimontrees
Sports
5m
Movies - When Are They Set?
by FPL_Elf
Movies
5m
More to Explore
Quiz From the Vault
Featured Blog Post
Where Did the Easter Bunny Come From?
hide this ad
You Might Also Like...
Tags
New York
New York City
Subway
Subway Systems
Today's Top Quizzes in Geography
Browse Geography
hide this ad
Today's Top Quizzes in New York City
Browse New York City
Top Contributed Quizzes in Geography
1
Countries of the World - No Outlines Minefield
2
Top 25 Cities of France on a map
3
Any capital of a 'B' country per Continent
4
Closest Countries to UK A-Z
5
One Thing in Common: United Kingdom
6
Any capital of a 'C' country per Continent
7
Find the Provinces of Canada - No Outlines Minefield
8
Any capital of a 'D' country per Continent
9
Find the US States - No Outlines
10
Blind Secret Country CLXXXVIII
Explore More
Trending Topics
NBA
Harry Potter
Anime
Kpop
Crossword
Disney
Marvel
Country
NFL
WWE
The Office
Pokémon
Song
Puzzle
Soccer
hide this ad
More By:
SporcleEXP
Quiz
Plays
Rating
Category
Featured
Created
Harry Potter Deaths in Order Minefield
3,068,133
4.18
Literature
Jan 27, 2016
Sins, Dwarfs, and Spice Girls
847,257
4.42
Just For Fun
Apr 11, 2012
Ancient History Bunker
708,074
4.28
History
Jan 20, 2014
Movie Posters VI
678,983
4.37
Movies
Nov 12, 2010
Movie Posters VII
621,806
4.44
Movies
Apr 16, 2011
Go to Creator's Profile
Score Distribution
Quiz Creator Spotlight
SporcleEXP
Follow
Send a Message
Quizzes Created
-
Created Quiz Play Count
-
More By This Creator
Popular Quizzes Today
1
Find the US States - No Outlines Minefield
2
Find the Countries of Europe - No Outlines Minefield
3
The Countries of the World
4
Popular People in 1961
5
Find the US States
6
US States
7
Risky Map Clicking: Biggest States A-Z
8
1-10 Letter E Words III
More Geography Quizzes
100 Largest Cities of Germany
Quiz Lab
Trending Quizzes
Risky Map Clicking: Least Populous States A-Z
1-10 Letter G Words
1-10 Letter F Words
One Thing in Common: United Kingdom
Risky Map Clicking: Next State Alphabetically
Recently Updated
Leaping Animals
pecheneg
Reality TV Shows (A-Z)
bhenderson79
Rickey Henderson's Hall of Fame Teammates
pecheneg
Champions League XIs: Arsenal
pecheneg
Quick Pick: Celebrities in WWE's Hall of Fame
aduchscher
A-Z Keypad Blitz II
pecheneg
Multiple Oscar Actors
pecheneg
Mystery Phrase Blitz: Oscar 'Best Actors'
pecheneg
F. Scott Fitzgerald Novels
LTH
Pick 3 Villains
ddd62291
Trending Topics
NBA
Harry Potter
Disney
Marvel
Kpop
Anime
Crossword
Puzzle
Pokémon
Song
The Office
Country
Soccer
WWE
NFL
Your Account Isn't Verified!
In order to create a playlist on Sporcle, you need to verify the email address you used during registration. Go to your
Sporcle Settings
to finish the process.
Report this User
Report this user for behavior that violates our
Community Guidelines
.
Details:
Send Report
Go to the Sporcle.com Mobile Site →
Comments